000 00302nam a22001337a 4500
003 SGT
020 _a97815-43343-27-4
100 _aSHARMA, SHALINI
245 _aPHARMACEUTICALS JURISPRUDENCE
250 _a1st
260 _aS, VIKASH PUB.
_bPUNJAB
_c2019
650 _a JURISPRUDENCE
942 _2ddc
_cBK
999 _c24708
_d24708